Municipios de Guadalajara en un mapa - Estadísticas

Estadísticas generales
  • Esta prueba ha sido intentada 2 veces
  • La puntuación promedio es 64 de 289
Respuestas en el mapa
Las respuestas están codificadas por una escala verde-roja en el mapa de la prueba según el % correcto abajo.
 
Estadísticas de respuestas
Respuesta % Correcto
Azuqueca de Henares
100%
Guadalajara
100%
Pastrana
100%
Sigüenza
100%
Abánades
50%
Ablanque
50%
Albalate de Zorita
50%
Albares
50%
Albendiego
50%
Alcolea del Pinar
50%
Alcoroches
50%
Algar de Mesa
50%
Algora
50%
Alique
50%
Almoguera
50%
Almonacid de Zorita
50%
Alocén
50%
Alovera
50%
Alustante
50%
Anguita
50%
Aranzueque
50%
Arbancón
50%
Arbeteta
50%
Armallones
50%
Atienza
50%
Auñón
50%
Brihuega
50%
Budia
50%
Bustares
50%
Cabanillas del Campo
50%
Cañizar
50%
Canredondo
50%
Cantalojas
50%
Checa
50%
Chequilla
50%
Chillarón del Rey
50%
Chiloeches
50%
Cifuentes
50%
Ciruelas
50%
Cobeta
50%
Cogolludo
50%
Corduente
50%
Driebes
50%
El Cardoso de la Sierra
50%
El Casar
50%
El Recuenco
50%
Escariche
50%
Escopete
50%
Espinosa de Henares
50%
Fontanar
50%
Fuentelencina
50%
Fuentenovilla
50%
Galápagos
50%
Galve de Sorbe
50%
Hiendelaencina
50%
Hita
50%
Hontoba
50%
Horche
50%
Hueva
50%
Humanes
50%
Illana
50%
Jadraque
50%
Loranca de Tajuña
50%
Luzaga
50%
Luzón
50%
Majaelrayo
50%
Málaga del Fresno
50%
Mandayona
50%
Marchamalo
50%
Matillas
50%
Mazuecos
50%
Medranda
50%
Millana
50%
Mochales
50%
Mohernando
50%
Molina de Aragón
50%
Mondéjar
50%
Ocentejo
50%
Orea
50%
Pareja
50%
Peralejos de las Truchas
50%
Peralveche
50%
Pioz
50%
Piqueras
50%
Pozo de Almoguera
50%
Quer
50%
Renera
50%
Retiendas
50%
Riba de Saelices
50%
Rillo de Gallo
50%
Rueda de la Sierra
50%
Sacecorbo
50%
Sacedón
50%
Salmerón
50%
Saúca
50%
Selas
50%
Setiles
50%
Tamajón
50%
Tartanedo
50%
Tendilla
50%
Tordesilos
50%
Torija
50%
Torre del Burgo
50%
Torremocha del Campo
50%
Torremocha del Pinar
50%
Torrubia
50%
Tortuera
50%
Traid
50%
Trijueque
50%
Trillo
50%
Uceda
50%
Valdeconcha
50%
Valdepeñas de la Sierra
50%
Valdesotos
50%
Valverde de los Arroyos
50%
Villanueva de la Torre
50%
Villel de Mesa
50%
Viñuelas
50%
Yebes
50%
Yebra
50%
Yunquera de Henares
50%
Zaorejas
50%
Zorita de los Canes
50%
Adobes
0%
Alaminos
0%
Alarilla
0%
Alcocer
0%
Alcolea de las Peñas
0%
Aldeanueva de Guadalajara
0%
Aldovera
0%
Alhóndiga
0%
Almadrones
0%
Angón
0%
Anquela del Ducado
0%
Anquela del Pedregal
0%
Argecilla
0%
Armuña de Tajuña
0%
Arroyo de las Fraguas
0%
Atanzón
0%
Baides
0%
Baños de Tajo
0%
Bañuelos
0%
Barriopedro
0%
Berninches
0%
Bujalaro
0%
Campillo de Dueñas
0%
Campillo de Ranas
0%
Campisálabos
0%
Casa de Uceda
0%
Casas de San Galindo
0%
Caspueñas
0%
Castejón de Henares
0%
Castellar de la Muela
0%
Castilforte
0%
Castilnuevo
0%
Cendejas de Enmedio
0%
Cendejas de la Torre
0%
Centenera
0%
Cincovillas
0%
Ciruelos del Pinar
0%
Cogollor
0%
Condemios de Abajo
0%
Condemios de Arriba
0%
Congostrina
0%
Copernal
0%
Durón
0%
El Cubillo de Uceda
0%
El Olivar
0%
El Ordial
0%
El Pedregal
0%
El Pobo de Dueñas
0%
El Sotillo
0%
Embid
0%
Escamilla
0%
Esplegares
0%
Establés
0%
Estriégana
0%
Fuembellida
0%
Fuencemiilán
0%
Fuentelahiguera de Albatages
0%
Fuentelsaz
0%
Fuentelviejo
0%
Gajanejos
0%
Gascueña de Bornova
0%
Henche
0%
Heras de Ayuso
0%
Herrería
0%
Hijes
0%
Hombrados
0%
Hortezuela de Océn
0%
Huérmeces del Cerro
0%
Huertahernando
0%
Iniéstola
0%
Irueste
0%
Jirueque
0%
La Bodera
0%
La Huerce
0%
La Mierla
0%
La Miñosa
0%
La Olmeda de Jadraque
0%
Las Inviernas
0%
Las Navas de Jadraque
0%
La Toba
0%
La Yunta
0%
Ledanca
0%
Lupiana
0%
Malaguilla
0%
Mantiel
0%
Maranchón
0%
Masegoso de Tajuña
0%
Matarrubia
0%
Mazarete
0%
Megina
0%
Membrillera
0%
Miedes de Atienza
0%
Milmarcos
0%
Mirabueno
0%
Miralrío
0%
Monasterio
0%
Montarrón
0%
Moratilla de los Meleros
0%
Morenilla
0%
Muduex
0%
Negredo
0%
Olmeda de Cobeta
0%
Pálmaces de Jadraque
0%
Pardos
0%
Paredes de Sigüenza
0%
Peñalén
0%
Peñalver
0%
Pinilla de Jadraque
0%
Pinilla de Molina
0%
Poveda de la Sierra
0%
Pozo de Guadalajara
0%
Prádena de Atienza
0%
Prados Redondos
0%
Puebla de Beleña
0%
Puebla del Vallés
0%
Rebollosa de Jadraque
0%
Riofrío del Llano
0%
Robledillo de Mohernando
0%
Robledo de Corpes
0%
Romanillos de Atienza
0%
Romanones
0%
Saelices de la Sal
0%
San Andrés del Congosto
0%
San Andrés del Rey
0%
Santiuste
0%
Sayatón
0%
Semillas
0%
Sienes
0%
Solanillos del Extremo
0%
Somolinos
0%
Sotodosos
0%
Taragudo
0%
Taravilla
0%
Terzaga
0%
Tierzo
0%
Tordellego
0%
Tordelrábano
0%
Torrecuadeadilla
0%
Torrecuadrada de Molina
0%
Torrejón del Rey
0%
Torremocha de Jadraque
0%
Torremochuela
0%
Tórtola de Henares
0%
Tortuero
0%
Ujados
0%
Utande
0%
Valdarachas
0%
Valdearenas
0%
Valdeavellano
0%
Valdeaveruelo
0%
Valdegrudas
0%
Valdelcubo
0%
Valdenuño Fernández
0%
Valderrebollo
0%
Valfermoso de Tajuña
0%
Valhermoso
0%
Valtablado del Río
0%
Viana de Jadraque
0%
Villanueva de Alcorcón
0%
Villanueva de Argencilla
0%
Villares de Jadraque
0%
Villaseca de Henares
0%
Villaseca de Uceda
0%
Yélamos de Abajo
0%
Yélamos de Arriba
0%
Zarzuela de Jadraque
0%
No se encontraron pruebas coincidentes
Distribución de puntuación
Porcentaje de gente con cada puntuación
Porcentaje por número respondido
Historial de tus puntuaciones
No has intentado esta prueba.